| Tag |
First Indicator |
Second Indicator |
Subfields |
| LEADER |
00000nam a2200000Ia 4500 |
| 001 |
in00004266319 |
| 005 |
20200810073143.0 |
| 006 |
m g d |
| 007 |
cr bn |||a|bb| |
| 008 |
850710s1684 enk o 00| | eng d |
| 035 |
|
|
|a (OCoLC)12248212
|
| 040 |
|
|
|a EAI
|c EAI
|d m/c
|d UMI
|d WaOLN
|
| 037 |
|
|
|a CL0037000053
|b ProQuest Information and Learning. 300 N. Zeeb Rd., Ann Arbor, MI 48106
|
| 090 |
|
|
|a BX7732
|b .G45
|
| 049 |
|
|
|a UMIA
|
| 245 |
0 |
0 |
|a Gemitus de carcere Nantes, or, Prison-sighs and supports :
|b being a few broken scraps and crumbs of comfort lately fallen from the great kings table, the Holy Scriptures, into the prisoners basket : who being satisfied, let fall (through the grate) a few leavings for the hungry souls abroad, till God send more plenty.
|
| 260 |
|
|
|a London :
|b [publisher not identified],
|c 1684.
|
| 300 |
|
|
|a 1 online resource ([4], 12, [3] pages)
|
| 336 |
|
|
|a text
|b txt
|2 rdacontent
|
| 337 |
|
|
|a computer
|b c
|2 rdamedia
|
| 338 |
|
|
|a online resource
|b cr
|2 rdacarrier
|
| 500 |
|
|
|a Imperfect: pages stained and tightyly bound with print showthrough and loss of printing.
|
| 500 |
|
|
|a Reproduction of original in the Bodleian Library.
|
| 510 |
4 |
|
|a Wing
|c G482.
|
| 533 |
|
|
|a Electronic reproduction.
|b Ann Arbor, Mich. :
|c UMI,
|d 1999-
|f (Early English books online)
|n Digital version of: (Early English books, 1641-1700 ; 1504:26)
|7 s1999 miun s
|
| 650 |
|
0 |
|a Society of Friends
|v Apologetic works.
|
| 650 |
|
0 |
|a Freedom of religion.
|
| 740 |
0 |
|
|a Prison-sighs and supports.
|
| 830 |
|
0 |
|a Early English books online.
|
| 856 |
4 |
0 |
|u http://proxy.library.tamu.edu/login?url=https://search.proquest.com/docview/2240955771
|z Connect to the full text of this electronic book
|t 0
|
| 999 |
f |
f |
|s 5a268de1-98e6-3543-a655-4126d28f49c6
|i 03ed6608-847e-3c15-a534-3b0479367436
|t 0
|
| 952 |
f |
f |
|a Texas A&M University
|b College Station
|c Electronic Resources
|d Available Online
|t 0
|e BX7732 .G45
|h Library of Congress classification
|
| 998 |
f |
f |
|a BX7732 .G45
|t 0
|l Available Online
|